Biography of World Great Philosophers/ (Record no. 85153)

MARC details
000 -LEADER
fixed length control field 00670nam a22001937a 4500
005 - DATE AND TIME OF LATEST TRANSACTION
control field 20140616130139.0
010 ## - LCCN (DPL NO)
LC control number B-505337-340
020 ## - INTERNATIONAL STANDARD BOOK NUMBER
International Standard Book Number 9789350530696
Terms of availability 900.00
035 ## - SYSTEM CONTROL NUMBER
System control number B-505337-340
037 ## - SOURCE OF ACQUISITION
Stock number dpl
Source of stock number/acquisition K.K.Pub/Ven
082 ## - DEWEY DECIMAL CLASSIFICATION NUMBER
Classification number 109.22
100 ## - MAIN ENTRY--PERSONAL NAME
Personal name Abraham, Sam
245 ## - TITLE STATEMENT
Title Biography of World Great Philosophers/
Statement of responsibility, etc by Sam Abraham
260 ## - PUBLICATION, DISTRIBUTION, ETC. (IMPRINT)
Place of publication, distribution, etc New Delhi
Name of publisher, distributor, etc Cyber Tech Publications
Date of publication, distribution, etc 2013
270 ## - ADDRESS
Address 4264/3, Ansari Road, Darya Ganj
City New Delhi
Postal code 110002 (India)
300 ## - PHYSICAL DESCRIPTION
Extent 264p.
Dimensions 20cm(Hb)
942 ## - ADDED ENTRY ELEMENTS (KOHA)
Source of classification or shelving scheme Dewey Decimal Classification
Item type English Books
Classification part 109.22
Call number suffix ABR
Holdings
Withdrawn status Lost status Not for loan Collection code Home library Current library Date acquired Source of acquisition Cost, normal purchase price Full call number Barcode Copy number Cost, replacement price Koha item type
      Non-fiction Janak Puri Janak Puri 16/06/2014 K.K.Pub/BL2982/11.03.2013/172/11.03.2013/20.03.2013 900.00 109.22 ABR B-505338 1 900.00 English Books
      Non-fiction Karol Bagh Karol Bagh 16/06/2014 K.K.Pub/BL2982/11.03.2013/172/11.03.2013/20.03.2013 900.00 109.22 ABR B-505339 1 900.00 English Books
      Non-fiction Patel Nagar Patel Nagar 16/06/2014 K.K.Pub/BL2982/11.03.2013/172/11.03.2013/20.03.2013 900.00 109.22 ABR B-505337 1 900.00 English Books
      Non-fiction Shahdara Branch Shahdara Branch 16/06/2014 K.K.Pub/BL2982/11.03.2013/172/11.03.2013/20.03.2013 900.00 109.22 ABR B-505340 1 900.00 English Books

© Delhi Public Library
Hit Counter
free hit counter